Nomi, cose e città: elementi della tavola periodica - Statistics

Statistiche generali
  • Questo quiz è stato fatto 293 volte
  • Il punteggio medio è 18 su 25
Statistiche sulle risposte
Hint Risposta % Corretto
A Afnio|Alluminio|Americio|Antimonio|Argento|Argento vivo|Argo|Argon|Arsenico|Assio|Astato|Attinio|Azoto
99%
C Cadmio|Calcio|Californio|Carbonio|Cerio|Cesio|Cloro|Cobalto|Copernicio|Cripto|Cripton|Cromo|Curio
98%
F Fermio|Ferro|Flerovio|Fluoro|Fosforo|Francio
97%
O Oganesso|Oganesson|Olmio|Oro|Osmio|Ossigeno
96%
B Bario|Berchelio|Berillio|Berkelio|Bismuto|Bohrio|Boro|Bromo
95%
I Idrargirio|Idrogeno|Indio|Iodio|Iridio|Itterbio|Ittrio
94%
P Palladio|Piombo|Platino|Plutonio|Polonio|Potassio|Praseodimio|Prometeo|Promezio|Protoattinio
94%
S Samario|Scandio|Seaborgio|Selenio|Silicio|Sodio|Solfo|Stagno|Stronzio
93%
R Radio|Rado|Radon|Rame|Renio|Rodio|Roentgenio|Rubidio|Rutenio|Rutherfordio
92%
E Einsteinio|Einstenio|Elio|Erbio|Europio
91%
M Magnesio|Manganese|Meitnerio|Mendelevio|Mercurio|Molibdeno|Moscovio
91%
T Tallio|Tantalio|Tecnezio|Tellurio|Tennessio|Tennesso|Terbio|Titanio|Torio|Tulio|Tungsteno
89%
L Lantanio|Laurencio|Laurenzio|Litio|Livermorio|Lutecio|Lutezio
85%
N Neo|Neodimio|Neon|Nettunio|Nichel|Nichelio|Nihonio|Niobio|Nobelio
82%
U Uranio
82%
Z Zinco|Zirconio|Zolfo
79%
G Gadolinio|Gallio|Germanio|Giapponio
73%
X Xeno|Xenon
72%
V Vanadio|Volframio
60%
K Kripto|Kripton
49%
D Darmstadtio|Disprosio|Dubnio
33%
H Hafnio|Hassio
30%
W Wolframio
15%
Y Ytterbio
15%
J Jodio
7%
Nessun quiz corrispondente trovato
Distribuzione punteggi
Percentuale di utenti per punteggio
Percentile per numero di risposta
I tuoi punteggi nel tempo
Non hai fatto questo quiz